Le seul département finissant par... - Statistiques

Statistiques générales
  • Ce quiz a été pris 210 fois
  • Le résultat moyen est 14 sur 20
Statistiques - réponses
Terminaison Département % Correct
...al Cantal
93%
...bs Doubs
88%
...rn Tarn
86%
...ot Lot
82%
...et Loiret
78%
...be Aube
77%
...ze Corrèze
74%
...rs Gers
73%
...ar Var
71%
...ée Vendée
70%
...os Calvados
69%
...an Morbihan
69%
...ra Jura
66%
...lt Hérault
64%
...ud Corse-du-Sud
59%
...ge Ariège
58%
...rt Territoire de Belfort
53%
...pe Guadeloupe
47%
...ir Eure-et-Loir
38%
...ce Alpes-de-Haute-Provence
34%
Aucun quiz correspondant
Distribution des résultats
% des personnes avec chaque résultat
Percentile par nombre de réponses
Votre historique - résultats
Vous n’avez pas pris ce quiz